[Event "X Weekend B"]
[Site "Porto Sant'Elpidio ITA"]
[Date "2007.11.25"]
[Round "3"]
[White "Lorito, Giuseppe"]
[Black "Tamburini, Giovanni"]
[Result "0-1"]
[WhiteElo "1455"]
[BlackElo "1464"]
[PlyCount "98"]
[EventDate "2007.11.24"]

1. d4 d6 2. c4 g6 3. Nc3 Bg7 4. e4 Nd7 5. Be3 b6 6. Bd3 c5 7. Nge2 e5 8. d5 a6
9. O-O Ne7 10. Qd2 O-O 11. Bg5 Qe8 12. Qc2 Nf6 13. Ng3 h6 14. Be3 Bd7 15. h3 b5
16. a3 Nc8 17. Qd2 bxc4 18. Bxc4 Nb6 19. Bd3 Kh7 20. Qe2 Qc8 21. b3 Ne8 22. a4
Nc7 23. Rac1 Qb8 24. Rb1 Nc8 25. Qc2 Ne7 26. Nce2 Kg8 27. Qc1 Kh7 28. h4 f5 29.
Bd2 f4 30. Nh1 Bf6 31. g3 g5 32. hxg5 hxg5 33. f3 Kg7 34. Rf2 Rh8 35. g4 Rh3
36. Rf1 Qh8 37. Kg2 Rh2+ 38. Kg1 Rxh1+ 39. Kf2 Qh4+ 40. Ng3 Qxg3+ 41. Ke2 Rh2+
42. Kd1 Bxg4 43. fxg4 Qxd3 44. Re1 Qf3+ 45. Kc2 Re2 46. Rd1 Qxe4+ 47. Kb2 Ncxd5
48. Ka2 Nb4+ 49. Kb2 Nd3+ 0-1

[Event "X Weekend B"]
[Site "Porto Sant'Elpidio ITA"]
[Date "2007.11.25"]
[Round "3"]
[White "Morelli, Basilio"]
[Black "Ragnini, Damiano"]
[Result "1/2-1/2"]
[WhiteElo "1488"]
[BlackElo "1616"]
[PlyCount "106"]
[EventDate "2007.11.24"]

1. d4 d5 2. c4 Nf6 3. Nc3 e6 4. cxd5 exd5 5. Bg5 Nbd7 6. e3 Be7 7. Bd3 c6 8.
Nge2 h6 9. Bh4 O-O 10. f3 b5 11. a3 a5 12. O-O Ba6 13. e4 dxe4 14. fxe4 Ng4 15.
Bxe7 Qxe7 16. Qd2 Nb6 17. e5 h5 18. h3 Nh6 19. Rf3 b4 20. Bxa6 bxc3 21. Qxc3
Rxa6 22. Qxc6 Qe6 23. Qxe6 fxe6 24. Rxf8+ Kxf8 25. Nf4 Ke7 26. Nxh5 Nf5 27. Rd1
Nd5 28. g4 Nfe3 29. Rd3 Rc6 30. Nxg7 Rc1+ 31. Kf2 Rc2+ 32. Kg3 Rxb2 33. Nh5 a4
34. Nf6 Nxf6 35. exf6+ Kxf6 36. Rxe3 Rb3 37. Kf4 Rb1 38. g5+ Kf7 39. Ke5 Rb3
40. Kf4 Rb1 41. h4 Rf1+ 42. Rf3 Rh1 43. Kg4+ Kg7 44. Rf6 Rg1+ 45. Kf4 Rh1 46.
Rh6 Rh3 47. Rxe6 Rxh4+ 48. Ke5 Rh3 49. Re7+ Kg6 50. Ra7 Rxa3 51. d5 Kxg5 52. d6
Kg6 53. d7 Rd3 1/2-1/2

[Event "X Weekend B"]
[Site "Porto Sant'Elpidio ITA"]
[Date "2007.11.25"]
[Round "3"]
[White "Paoloni, Andrea"]
[Black "Sorcinelli, Matteo"]
[Result "0-1"]
[WhiteElo "1440"]
[BlackElo "1458"]
[PlyCount "152"]
[EventDate "2007.11.24"]

1. d4 e6 2. e4 c5 3. c3 Nc6 4. Nf3 d5 5. e5 cxd4 6. cxd4 Qa5+ 7. Bd2 Bb4 8. a3
Bxd2+ 9. Qxd2 Qxd2+ 10. Nbxd2 f6 11. Bb5 a6 12. Bd3 fxe5 13. dxe5 Nge7 14. O-O
O-O 15. Ng5 Nf5 16. Ndf3 h6 17. Nh3 g5 18. Nd2 Nxe5 19. Bxf5 Rxf5 20. f3 Bd7
21. g4 Rf7 22. Rae1 Nd3 23. Rb1 Nf4 24. Nxf4 Rxf4 25. Rfc1 Bc6 26. Rc2 Rc8 27.
Rbc1 Kf7 28. Kf2 Ke7 29. b4 Kd8 30. Ke3 Bd7 31. Rxc8+ Bxc8 32. h4 Bd7 33. hxg5
hxg5 34. Rc5 Bc6 35. Rc1 Ke7 36. Rh1 Rf7 37. Rh6 Rf6 38. Rh7+ Rf7 39. Rh6 Rg7
40. Nf1 Kf7 41. Ng3 Rg6 42. Rh7+ Kg8 43. Rh5 Kg7 44. Kd4 Kg8 45. Ke5 Kg7 46.
Kd4 b6 47. Ke5 d4 48. Kxd4 Bxf3 49. Rh1 Bxh1 50. Nxh1 Rf6 51. Ke5 Kf7 52. Ke4
Rf4+ 53. Ke5 Rxg4 54. Nf2 Rf4 55. Nh3 Rf5+ 56. Kd6 a5 57. Kc6 axb4 58. axb4 b5
59. Kd6 Kf6 60. Kc6 g4 61. Ng1 Kg5 62. Ne2 Kh4 63. Nd4 g3 64. Nxf5+ exf5 65.
Kxb5 g2 66. Ka5 g1=Q 67. b5 Qa7+ 68. Kb4 Qb6 69. Kc4 f4 70. Kd3 Qxb5+ 71. Ke4
Qf1 72. Kf5 f3 73. Kf4 f2 74. Kf3 Kh3 75. Ke3 Qe1+ 76. Kf3 f1=Q# 0-1

[Event "X Weekend B"]
[Site "Porto Sant'Elpidio ITA"]
[Date "2007.11.25"]
[Round "3"]
[White "Perdichizzi, Roberto"]
[Black "Di Pietro, Gabriele"]
[Result "1/2-1/2"]
[WhiteElo "1401"]
[BlackElo "1713"]
[PlyCount "53"]
[EventDate "2007.11.24"]

1. e4 Nf6 2. Nc3 e5 3. Bc4 Be7 4. d3 c6 5. Nf3 d6 6. h3 O-O 7. O-O a5 8. a3 Be6
9. Ba2 b5 10. Bxe6 fxe6 11. Bg5 Nbd7 12. Ne2 d5 13. Ng3 Qc7 14. Bxf6 Bxf6 15.
Qd2 g6 16. c3 Nc5 17. Qe2 Rad8 18. b4 dxe4 19. Nxe4 Nxe4 20. dxe4 a4 21. Qa2
Rd6 22. c4 Qe7 23. cxb5 cxb5 24. Qe2 Qb7 25. Rac1 Rfd8 26. Rc5 Rd3 27. Qa2
1/2-1/2

[Event "X Weekend B"]
[Site "Porto Sant'Elpidio ITA"]
[Date "2007.11.25"]
[Round "3"]
[White "Piergentili, Roberto"]
[Black "Binci, Luca"]
[Result "1/2-1/2"]
[WhiteElo "1787"]
[BlackElo "1650"]
[PlyCount "37"]
[EventDate "2007.11.24"]

1. d4 Nf6 2. c4 g6 3. Nc3 Bg7 4. e4 d6 5. f3 O-O 6. Be3 Nc6 7. Qd2 e5 8. d5 Nd4
9. Nge2 Nxe2 10. Bxe2 a6 11. O-O Nh5 12. c5 f5 13. cxd6 cxd6 14. Na4 Nf4 15.
Nb6 Rb8 16. Nxc8 Rxc8 17. Rfc1 Qg5 18. Bf1 Nh3+ 19. Kh1 1/2-1/2

[Event "X Weekend B"]
[Site "Porto Sant'Elpidio ITA"]
[Date "2007.11.25"]
[Round "3"]
[White "Sagripanti, Francesco"]
[Black "Balzano, Filli"]
[Result "0-1"]
[WhiteElo "1470"]
[BlackElo "1446"]
[PlyCount "104"]
[EventDate "2007.11.24"]

1. e4 c6 2. d4 d5 3. e5 Bf5 4. h4 h5 5. Bd3 Bxd3 6. Qxd3 e6 7. Nf3 c5 8. dxc5
Qa5+ 9. Qc3 Qxc3+ 10. Nxc3 Bxc5 11. Be3 Bxe3 12. fxe3 a6 13. O-O-O Nc6 14. Nd4
Nxe5 15. e4 dxe4 16. Nxe4 Rd8 17. Nc5 Rb8 18. Ndb3 Nf6 19. Na5 Neg4 20. Rd2 O-O
21. Naxb7 Rfc8 22. Rhd1 Ne3 23. Re1 Nf5 24. a3 Nxh4 25. b4 Ng6 26. g3 Ra8 27.
Red1 Nd5 28. c4 Ne3 29. Rd8+ Rxd8 30. Rxd8+ Rxd8 31. Nxd8 Nxc4 32. Nxa6 Nxa3
33. Kb2 Nb5 34. Kb3 Kf8 35. Kc4 Nd6+ 36. Kc5 Ke7 37. Nc6+ Kd7 38. b5 Nxb5 39.
Kxb5 Kd6 40. Nab4 h4 41. g4 f5 42. gxf5 exf5 43. Nd4 Ke5 44. Nf3+ Kf4 45. Ng1
Kg3 46. Ne2+ Kg2 47. Nd3 h3 48. Nef4+ Nxf4 49. Nxf4+ Kg3 50. Nxh3 Kxh3 51. Kc4
f4 52. Kd3 Kg2 0-1

[Event "X Weekend B"]
[Site "Porto Sant'Elpidio ITA"]
[Date "2007.11.25"]
[Round "3"]
[White "Sagripanti, Michele"]
[Black "Piccioli, Lorenzo"]
[Result "0-1"]
[WhiteElo "1614"]
[BlackElo "1503"]
[PlyCount "114"]
[EventDate "2007.11.24"]

1. e4 g6 2. d4 Bg7 3. Nf3 e6 4. Be3 d6 5. c4 b6 6. Nc3 Bb7 7. Qd2 h6 8. Be2 Nd7
9. d5 e5 10. a4 a5 11. Nb5 Ngf6 12. Bd3 Ng4 13. O-O Nxe3 14. Qxe3 Nc5 15. Bc2
Qd7 16. Nd2 Na6 17. Rad1 Nb4 18. Bb1 Ba6 19. Rc1 O-O 20. b3 f5 21. Qh3 Bc8 22.
exf5 gxf5 23. Nf3 Na6 24. Nh4 f4 25. Qd3 Rf6 26. h3 Kf8 27. Nc3 Nc5 28. Qe2 Qf7
29. Ne4 Nxe4 30. Qxe4 Qh5 31. Ng6+ Kf7 32. Qf3 Qxf3 33. gxf3 Rxg6+ 34. Bxg6+
Kxg6 35. Kh2 Kf7 36. Rg1 Bf6 37. Rg2 Bf5 38. Rcg1 Bc2 39. h4 Bxb3 40. Rg6 Rh8
41. Kh3 Bxc4 42. R6g2 Bxd5 43. Rc1 c6 44. Rb1 Bxf3 45. Rgg1 Bd8 46. Rbc1 Rg8
47. Rxg8 Kxg8 48. Rc3 Bd5 49. Kg4 Kg7 50. Rc1 b5 51. axb5 cxb5 52. Rd1 Be6+ 53.
Kf3 Be7 54. Ke4 a4 55. Rg1+ Kf7 56. Rb1 Bb3 57. Kd3 Bxh4 0-1

[Event "X Weekend B"]
[Site "Porto Sant'Elpidio ITA"]
[Date "2007.12.01"]
[Round "4"]
[White "Balzano, Aldo"]
[Black "Di Mantino, Mauro"]
[Result "0-1"]
[WhiteElo "1581"]
[BlackElo "1726"]
[PlyCount "66"]
[EventDate "2007.11.24"]

1. d4 Nf6 2. c4 g6 3. Nc3 Bg7 4. e4 d6 5. f3 O-O 6. Be3 b6 7. Bd3 Bb7 8. Qd2 c5
9. d5 e6 10. g4 exd5 11. cxd5 Re8 12. O-O-O Nbd7 13. Bh6 Bh8 14. h4 a6 15. h5
c4 16. Bxc4 b5 17. Bb3 Rc8 18. Kb1 Nc5 19. Bc2 Nfd7 20. hxg6 fxg6 21. Nge2 Ne5
22. Nd4 Nc4 23. Qf2 Qa5 24. Bd3 Nxb2 25. Kxb2 Qb4+ 26. Kc1 Qxc3+ 27. Bc2 Na4
28. Bg7 Bxg7 29. Qh2 Qa1+ 30. Kd2 Qxd4+ 31. Ke1 Qe3+ 32. Kf1 Qxf3+ 33. Ke1 Qe3+
0-1

[Event "X Weekend B"]
[Site "Porto Sant'Elpidio ITA"]
[Date "2007.12.01"]
[Round "4"]
[White "Binci, Filippo"]
[Black "Morelli, Basilio"]
[Result "1-0"]
[WhiteElo "1488"]
[BlackElo "1488"]
[PlyCount "69"]
[EventDate "2007.11.24"]

1. c4 e5 2. g3 Nf6 3. Bg2 c6 4. e4 Bc5 5. Nc3 d6 6. Nge2 Be6 7. d3 Nbd7 8. O-O
Nb6 9. a3 d5 10. b4 Be7 11. c5 Nbd7 12. d4 Qc7 13. h3 dxe4 14. Kh2 Rd8 15. Qc2
exd4 16. Nxd4 Bc4 17. Re1 Bd3 18. Qa2 Ne5 19. Nf5 O-O 20. Nxe4 Nxe4 21. Bxe4
Bxe4 22. Rxe4 Nf3+ 23. Kg2 Ne5 24. Bf4 Bf6 25. Rae1 Rfe8 26. Qe2 Rd5 27. Ne3
Qd7 28. Nxd5 Qxd5 29. Rd1 Qb3 30. Re3 Qe6 31. Bxe5 Qc8 32. Bxf6 Rxe3 33. Qxe3
gxf6 34. Qe7 b6 35. Rd8+ 1-0

[Event "X Weekend B"]
[Site "Porto Sant'Elpidio ITA"]
[Date "2007.12.01"]
[Round "4"]
[White "Binci, Luca"]
[Black "Basso, Fabrizio"]
[Result "1/2-1/2"]
[WhiteElo "1650"]
[BlackElo "1706"]
[PlyCount "65"]
[EventDate "2007.11.24"]

1. d4 Nf6 2. c4 g6 3. Nc3 Bg7 4. e4 d6 5. f3 O-O 6. Be3 e5 7. d5 c5 8. Qd2 Nbd7
9. g4 Nb6 10. h4 h5 11. g5 Ne8 12. Bd3 Nd7 13. O-O-O a6 14. Rf1 Nc7 15. Kb1 Rb8
16. Nge2 b5 17. cxb5 axb5 18. Nd1 Na6 19. b3 Nb4 20. Nc1 Nxd3 21. Qxd3 Ba6 22.
Rf2 Qc8 23. Nb2 Qb7 24. Qc2 Rfc8 25. Ncd3 Ra8 26. Rc1 b4 27. Nc4 Bxc4 28. Qxc4
Rcb8 29. Qc2 Ra6 30. Nb2 Rba8 31. Nc4 Qa7 32. Rd1 Qb8 33. Qd3 1/2-1/2

[Event "X Weekend B"]
[Site "Porto Sant'Elpidio ITA"]
[Date "2007.12.01"]
[Round "4"]
[White "Gasparroni, Daniele"]
[Black "Brandoni, Nicola"]
[Result "1-0"]
[WhiteElo "1760"]
[BlackElo "1425"]
[PlyCount "69"]
[EventDate "2007.11.24"]

1. d4 d5 2. c4 c6 3. Nc3 Nf6 4. Nf3 e6 5. e3 Bd6 6. Bd3 Nbd7 7. b3 e5 8. dxe5
Nxe5 9. Nxe5 Bxe5 10. Bd2 O-O 11. Qc2 Be6 12. f4 Bc7 13. cxd5 Bxd5 14. e4 Re8
15. O-O-O Be6 16. e5 Nd5 17. Bxh7+ Kh8 18. Nxd5 Bxd5 19. Be4 f6 20. Bxd5 Qxd5
21. exf6 gxf6 22. g3 Rad8 23. Bc3 Qf7 24. Qf5 Rxd1+ 25. Rxd1 Re6 26. Re1 Rxe1+
27. Bxe1 Qe7 28. Bd2 Bd8 29. g4 Qe2 30. Qh5+ Kg7 31. f5 Qf1+ 32. Kc2 a5 33.
Bh6+ Kh8 34. Qe8+ Kh7 35. Qg6+ 1-0

[Event "X Weekend B"]
[Site "Porto Sant'Elpidio ITA"]
[Date "2007.12.01"]
[Round "4"]
[White "Gasparroni, Roberto"]
[Black "Sagripanti, Francesco"]
[Result "0-1"]
[WhiteElo "1506"]
[BlackElo "1470"]
[PlyCount "76"]
[EventDate "2007.11.24"]

1. Nf3 e6 2. d4 d5 3. Bf4 Nf6 4. a3 c5 5. e3 a6 6. Be2 Nc6 7. c4 Be7 8. Nc3 O-O
9. Qc2 Nh5 10. Bg3 f5 11. Be5 cxd4 12. exd4 Bf6 13. O-O Bxe5 14. Nxe5 Nf4 15.
Nxc6 Nxe2+ 16. Qxe2 bxc6 17. c5 Qe7 18. Qe5 Qf6 19. f4 Qxe5 20. fxe5 Bd7 21. h4
h6 22. Rf3 g5 23. hxg5 hxg5 24. Rg3 g4 25. Ne2 Rf7 26. Nf4 Kg7 27. Kf2 a5 28.
Rh1 Rh8 29. Rxh8 Kxh8 30. Ke3 Rh7 31. Ng6+ Kg7 32. Nf4 Rh1 33. Ne2 Rb1 34. Kf4
Rxb2 35. Re3 Kh6 36. Kg3 Kg5 37. Nf4 a4 38. Re1 Rb3+ 0-1

[Event "X Weekend B"]
[Site "Porto Sant'Elpidio ITA"]
[Date "2007.12.01"]
[Round "4"]
[White "Marconi, Gabriele"]
[Black "Di Pietro, Gabriele"]
[Result "1-0"]
[WhiteElo "1482"]
[BlackElo "1713"]
[PlyCount "93"]
[EventDate "2007.11.24"]

1. d4 e6 2. Nf3 Nf6 3. e3 Be7 4. Bd3 Nc6 5. Nbd2 b6 6. b3 Bb7 7. Bb2 d5 8. c4
O-O 9. Rc1 Nb4 10. Bb1 Ne4 11. a3 Nxd2 12. Qxd2 Nc6 13. Qc2 g6 14. h4 f5 15. h5
Bf6 16. hxg6 hxg6 17. g4 Kg7 18. gxf5 exf5 19. Ke2 Re8 20. Rcg1 Qd7 21. Rh2
dxc4 22. Rhg2 Ne7 23. bxc4 Be4 24. Qc1 Bxb1 25. Qxb1 Qa4 26. Qd3 Rad8 27. Ng5
Rd6 28. Rh1 Nc6 29. Rh7+ Kg8 30. Rxc7 Nxd4+ 31. Kf1 Red8 32. exd4 Bxd4 33. Bxd4
Rxd4 34. Rg7+ Kxg7 35. Ne6+ Kh7 36. Nxd4 Qd7 37. Qh3+ Kg7 38. Nxf5+ Kf6 39.
Qh4+ Kxf5 40. Rg5+ Ke6 41. Qe4+ Kf7 42. Qxg6+ Ke7 43. Re5+ Kf8 44. Qf6+ Kg8 45.
Rg5+ Kh7 46. Qg6+ Kh8 47. Rh5+ 1-0

[Event "X Weekend B"]
[Site "Porto Sant'Elpidio ITA"]
[Date "2007.12.01"]
[Round "4"]
[White "Marconi, Luca"]
[Black "Lorito, Giuseppe"]
[Result "1/2-1/2"]
[WhiteElo "1542"]
[BlackElo "1455"]
[PlyCount "45"]
[EventDate "2007.11.24"]

1. d4 d5 2. Nf3 Nf6 3. e3 e6 4. Nbd2 Nc6 5. Bd3 Be7 6. O-O O-O 7. c4 b6 8. b3
Bb7 9. Bb2 Nb4 10. Bb1 Re8 11. a3 Nc6 12. Qc2 h6 13. Ne5 Bf8 14. h3 Qe7 15. Ng4
g6 16. Nxf6+ Qxf6 17. cxd5 exd5 18. Ba2 Qd6 19. b4 a6 20. Qb3 Ne7 21. Rac1 c6
22. Nf3 Bg7 23. Rfe1 1/2-1/2

[Event "X Weekend B"]
[Site "Porto Sant'Elpidio ITA"]
[Date "2007.12.01"]
[Round "4"]
[White "Orlandini, Alessandra"]
[Black "Santarelli, Emmanuele"]
[Result "0-1"]
[WhiteElo "1440"]
[BlackElo "1506"]
[PlyCount "100"]
[EventDate "2007.11.24"]

1. e4 e6 2. Nf3 d5 3. d3 dxe4 4. dxe4 Qxd1+ 5. Kxd1 Bc5 6. Be3 Bxe3 7. fxe3 Nf6
8. Bd3 O-O 9. Ke2 Bd7 10. Nbd2 Nc6 11. Rhf1 Rac8 12. Rf2 Nb4 13. a3 Nxd3 14.
cxd3 Rfd8 15. h3 Bb5 16. a4 Bxd3+ 17. Ke1 Nxe4 18. Nxe4 Bxe4 19. Ng5 Bg6 20.
Ke2 Rd7 21. Kf3 Rd5 22. Ne4 Rf5+ 23. Kg3 Rxf2 24. Nxf2 Rd8 25. Re1 Rd2 26. b4
Rb2 27. Rd1 Kf8 28. Rd8+ Ke7 29. Rd4 b6 30. b5 Rc2 31. Ng4 Rc3 32. Kf2 f6 33.
Ke2 c5 34. bxc6 Rxc6 35. e4 Bh5 36. Ke3 Bxg4 37. hxg4 Rc3+ 38. Kd2 Rg3 39. Rc4
Rxg2+ 40. Ke3 Rxg4 41. Rc7+ Kd6 42. Rxa7 Kc6 43. Ra6 Rg5 44. Kd4 Ra5 45. Rxa5
bxa5 46. e5 fxe5+ 47. Kxe5 g5 48. Kxe6 g4 49. Kf5 g3 50. Kf4 g2 0-1

[Event "X Weekend B"]
[Site "Porto Sant'Elpidio ITA"]
[Date "2007.12.01"]
[Round "4"]
[White "Piccioli, Lorenzo"]
[Black "Gasparroni, Riccardo"]
[Result "1/2-1/2"]
[WhiteElo "1503"]
[BlackElo "1699"]
[PlyCount "105"]
[EventDate "2007.11.24"]

1. d4 f5 2. g3 g6 3. Bg2 Bg7 4. e3 Nf6 5. b3 d6 6. Bb2 O-O 7. Nd2 Nbd7 8. Ne2
e5 9. dxe5 dxe5 10. h3 e4 11. a3 Re8 12. Nc3 Ne5 13. Qe2 c6 14. O-O-O Be6 15.
Ndxe4 Qe7 16. Nxf6+ Bxf6 17. Kb1 a5 18. Rd2 Rad8 19. Rxd8 Rxd8 20. Rd1 Rxd1+
21. Qxd1 Qd7 22. Qxd7 Nxd7 23. Ne2 Be5 24. Bxe5 Nxe5 25. Nd4 Kf7 26. f4 Nd7 27.
Kb2 Nc5 28. Kc3 Bd5 29. Bxd5+ cxd5 30. g4 Ne4+ 31. Kb2 fxg4 32. hxg4 Nf2 33.
Kc3 Nxg4 34. Kd2 h5 35. Nf3 Kf6 36. Ke2 Kf5 37. Nh4+ Ke4 38. Ng2 d4 39. exd4
Kxd4 40. Kd2 Ke4 41. Ke2 Nf6 42. c4 Kd4 43. Kd2 Ne4+ 44. Kc2 Nc5 45. Nh4 Ke4
46. Nxg6 Kf5 47. Nh4+ Kxf4 48. b4 axb4 49. axb4 Kg4 50. Ng2 Kg3 51. Ne3 Kf3 52.
Nf5 Kg4 53. Ne3+ 1/2-1/2

[Event "X Weekend B"]
[Site "Porto Sant'Elpidio ITA"]
[Date "2007.12.01"]
[Round "4"]
[White "Ragnini, Damiano"]
[Black "Gjoklaj, Shpetim"]
[Result "1/2-1/2"]
[WhiteElo "1616"]
[BlackElo "1599"]
[PlyCount "120"]
[EventDate "2007.11.24"]

1. d4 d5 2. c4 c6 3. Nc3 Nf6 4. Bf4 Bf5 5. e3 e6 6. Nf3 h6 7. Qb3 Qc8 8. Rc1
Nbd7 9. Be2 Nh5 10. cxd5 cxd5 11. O-O Nxf4 12. exf4 Qb8 13. Bb5 Bd6 14. Bxd7+
Kxd7 15. Ne5+ Ke7 16. Nb5 Rd8 17. Rc3 f6 18. Nxd6 Rxd6 19. Nf3 Rb6 20. Qa3+ Kf7
21. Rfc1 Qxf4 22. Rc7+ Kg6 23. Qe7 Rg8 24. Qf7+ Kh7 25. Rc8 Rxc8 26. Rxc8 h5
27. Qxh5+ Qh6 28. Qf7 Qg6 29. Qg8+ Kh6 30. Nh4 Rxb2 31. Qh8+ Qh7 32. h3 Qxh8
33. Rxh8+ Bh7 34. Re8 g5 35. Nf3 Rb6 36. Nd2 Kg6 37. Nb3 Kf7 38. Rc8 Bb1 39.
Nc5 Rc6 40. Nxb7 Ra6 41. Rc7+ Kg6 42. Nc5 Rxa2 43. Nxe6 Kf5 44. Nc5 a5 45. g4+
Kg6 46. Ne6 Re2 47. Nf8+ Kh6 48. Ra7 Rd2 49. Rxa5 Rxd4 50. Nd7 Kg7 51. Nc5 Kf7
52. Ra7+ Kg6 53. Rg7+ Kxg7 54. Ne6+ Kf7 55. Nxd4 Ke7 56. Kg2 Kd6 57. Kg3 Ke5
58. Ne2 d4 59. f4+ Ke4 60. fxg5 fxg5 1/2-1/2

[Event "X Weekend B"]
[Site "Porto Sant'Elpidio ITA"]
[Date "2007.12.01"]
[Round "4"]
[White "Sagripanti, Michele"]
[Black "Giri, Giovanni"]
[Result "0-1"]
[WhiteElo "1614"]
[BlackElo "1631"]
[PlyCount "93"]
[EventDate "2007.11.24"]

1. e4 d6 2. d4 Nf6 3. Bd3 g6 4. f3 Bg7 5. Be3 c6 6. c4 Na6 7. Qd2 c5 8. d5 Nc7
9. Nc3 a6 10. a3 Bd7 11. b4 cxb4 12. axb4 e6 13. Bb6 exd5 14. cxd5 Rc8 15. b5
Qe7 16. bxa6 bxa6 17. Nge2 Nb5 18. O-O Nxc3 19. Nxc3 Qe5 20. Ne2 Bb5 21. Bxb5+
axb5 22. Qb4 O-O 23. Rfc1 Nxd5 24. exd5 Qxe2 25. Rab1 Bh6 26. Re1 Qd3 27. Rbd1
Qc4 28. Qxd6 Rfe8 29. Qg3 Bf4 30. Qf2 Bd6 31. g3 b4 32. Rd4 Qc3 33. Rde4 Rxe4
34. fxe4 b3 35. Bd4 Qxd4 36. Qxd4 Bc5 37. Qxc5 Rxc5 38. d6 Kf8 39. Kf2 Rc2+ 40.
Ke3 b2 41. Rb1 Rxh2 42. Kd4 Ke8 43. Ke5 Kd7 44. g4 Rg2 45. Kd5 Rd2+ 46. Ke5 f6+
47. Kxf6 0-1

[Event "X Weekend B"]
[Site "Porto Sant'Elpidio ITA"]
[Date "2007.12.01"]
[Round "4"]
[White "Santarelli, Enrico"]
[Black "Perdichizzi, Roberto"]
[Result "1-0"]
[WhiteElo "1671"]
[BlackElo "1401"]
[PlyCount "81"]
[EventDate "2007.11.24"]

1. Nf3 Nf6 2. b3 g6 3. Bb2 Bg7 4. e3 d6 5. d4 O-O 6. Be2 Nbd7 7. Nbd2 c6 8. c4
Qa5 9. O-O e5 10. Qc2 Re8 11. e4 Qd8 12. Rfe1 Qc7 13. Rac1 exd4 14. Nxd4 Qd8
15. h3 a5 16. a3 Qe7 17. Bf1 Qd8 18. Kh1 Qc7 19. g3 b6 20. Bg2 Bb7 21. Rcd1 Nc5
22. Kh2 Re7 23. b4 axb4 24. axb4 Ncd7 25. b5 cxb5 26. Nxb5 Qc6 27. Nb3 Ne8 28.
Bxg7 Kxg7 29. f4 Kg8 30. Re2 Rc8 31. Rd4 Nc5 32. e5 Qd7 33. Bxb7 Nxb7 34. Red2
Qc6 35. exd6 Re1 36. Rd5 Nf6 37. N3d4 Qxc4 38. Qxc4 Rxc4 39. Re5 Rb1 40. Ree2
Rcc1 41. g4 1-0

[Event "X Weekend B"]
[Site "Porto Sant'Elpidio ITA"]
[Date "2007.12.01"]
[Round "4"]
[White "Sorcinelli, Matteo"]
[Black "Miandro, Steven"]
[Result "1/2-1/2"]
[WhiteElo "1458"]
[BlackElo "1596"]
[PlyCount "108"]
[EventDate "2007.11.24"]

1. Nf3 Nf6 2. b3 g6 3. Bb2 Bg7 4. e3 O-O 5. Nc3 d6 6. h3 e5 7. Bc4 a6 8. e4 b5
9. Bd3 Nbd7 10. Nd5 Nxd5 11. exd5 f5 12. Be2 Nb6 13. c4 bxc4 14. Bxc4 Rb8 15.
Qe2 Nxc4 16. Qxc4 Bb7 17. O-O Kh8 18. Ne1 g5 19. Nc2 h5 20. Nb4 a5 21. Nc6 Bxc6
22. Qxc6 Rg8 23. Rac1 Rc8 24. Bc3 a4 25. bxa4 g4 26. hxg4 hxg4 27. g3 f4 28.
Ba5 f3 29. Kh2 Bh6 30. Rh1 Rg7 31. Kg1 Rh7 32. Rc4 Qg8 33. Rh4 Qg6 34. Rhxg4
Bg5 35. Rxg5 Qxg5 36. Qb7 Qf5 37. g4 Qf8 38. Rxc7 Rcxc7 39. Bxc7 Qe7 40. Qc8+
Kg7 41. Bd8 Qa7 42. Qc7+ Qxc7 43. Bxc7 Kf6 44. Bxd6 Rd7 45. Bb4 Rxd5 46. Kh2
Rd4 47. a3 Rxg4 48. Bc5 Rg2+ 49. Kh3 Kf5 50. a5 Rg1 51. a6 Rh1+ 52. Kg3 Rd1 53.
a7 Rg1+ 54. Kxf3 Rg8 1/2-1/2

[Event "X Weekend B"]
[Site "Porto Sant'Elpidio ITA"]
[Date "2007.12.01"]
[Round "4"]
[White "Tamburini, Giovanni"]
[Black "Marinucci, Johnny"]
[Result "0-1"]
[WhiteElo "1464"]
[BlackElo "1655"]
[PlyCount "98"]
[EventDate "2007.11.24"]

1. c4 e5 2. Nc3 Nc6 3. g3 g6 4. Bg2 Bg7 5. d3 Nf6 6. Nf3 O-O 7. O-O h6 8. h3 d6
9. Rb1 a5 10. a3 g5 11. g4 Nh7 12. e4 Ne7 13. Be3 Ng6 14. Ne2 Nf4 15. Nxf4 gxf4
16. Bd2 Ng5 17. Nh4 Nxh3+ 18. Bxh3 Qxh4 19. Kg2 h5 20. Rh1 Bxg4 21. Bxg4 Qxg4+
22. Qxg4 hxg4 23. Rh4 f5 24. exf5 Rxf5 25. Rxg4 Rh5 26. Rg1 Kf7 27. Kf3 Bf6 28.
d4 a4 29. d5 Rah8 30. Ba5 b6 31. Bc3 Rh4 32. R4g2 Rh1 33. Ke4 Rxg1 34. Rxg1 Rh2
35. f3 Bh4 36. Kf5 Bg3 37. Kg5 Rh7 38. Kf5 Rh5+ 39. Ke4 Kf6 40. Kd3 Rh2 41. Rf1
Kg5 42. Bd2 Kh4 43. Kc3 Kh3 44. Kb4 Rxd2 45. Kb5 Kg2 46. Rb1 Kxf3 47. Kc6 Ke2
48. Kxc7 Be1 49. Kxd6 f3 0-1

[Event "X Weekend B"]
[Site "Porto Sant'Elpidio ITA"]
[Date "2007.12.02"]
[Round "5"]
[White "Balzano, Filli"]
[Black "Gasparroni, Daniele"]
[Result "0-1"]
[WhiteElo "1446"]
[BlackElo "1760"]
[PlyCount "52"]
[EventDate "2007.11.24"]

1. e4 c6 2. d4 d5 3. Nc3 dxe4 4. Nxe4 Bf5 5. Ng3 Bg6 6. h4 h6 7. h5 Bh7 8. Be2
e6 9. Nf3 Bd6 10. Be3 Qc7 11. Nf1 Nf6 12. Rh4 Nbd7 13. Bd3 Bxd3 14. Qxd3 Nd5
15. c4 Nb4 16. Qb3 c5 17. a3 Nc6 18. N1d2 cxd4 19. Nxd4 Nc5 20. Qc2 Nxd4 21.
Bxd4 Be5 22. O-O-O O-O-O 23. Bxe5 Qxe5 24. Nf3 Rxd1+ 25. Qxd1 Qf5 26. Qe2 Nb3+
0-1

[Event "X Weekend B"]
[Site "Porto Sant'Elpidio ITA"]
[Date "2007.12.02"]
[Round "5"]
[White "Basso, Fabrizio"]
[Black "Binci, Filippo"]
[Result "1-0"]
[WhiteElo "1706"]
[BlackElo "1488"]
[PlyCount "79"]
[EventDate "2007.11.24"]

1. e4 c6 2. d4 d5 3. e5 Bf5 4. Nf3 e6 5. Bd3 Ne7 6. Bg5 Bxd3 7. Qxd3 h6 8. Bh4
Qd7 9. a4 Nf5 10. Bg3 c5 11. c3 Nc6 12. Nbd2 a6 13. O-O b6 14. Nh4 Nxh4 15.
Bxh4 Ne7 16. f4 Nf5 17. Bf2 h5 18. Nf3 c4 19. Qe2 f6 20. exf6 gxf6 21. Nh4 Nxh4
22. Bxh4 Qf7 23. f5 Rh6 24. Rae1 Be7 25. Qxe6 Rb8 26. Qc6+ Kf8 27. Re6 Qe8 28.
Qxe8+ Kxe8 29. Rfe1 Rb7 30. Bxf6 Rh7 31. Bh4 Kf8 32. f6 Bxf6 33. Rxf6+ Rhf7 34.
Rxf7+ Kxf7 35. Re5 Rd7 36. Rxh5 Kg6 37. Re5 Kf7 38. Kf2 b5 39. axb5 axb5 40.
Kf3 1-0

[Event "X Weekend B"]
[Site "Porto Sant'Elpidio ITA"]
[Date "2007.12.02"]
[Round "5"]
[White "Brandoni, Nicola"]
[Black "Sagripanti, Francesco"]
[Result "1/2-1/2"]
[WhiteElo "1425"]
[BlackElo "1470"]
[PlyCount "92"]
[EventDate "2007.11.24"]

1. e4 e6 2. d4 d5 3. exd5 exd5 4. c4 Nf6 5. Nc3 Bb4 6. Bg5 Bxc3+ 7. bxc3 c6 8.
cxd5 cxd5 9. c4 Qd6 10. c5 Qe6+ 11. Qe2 Qxe2+ 12. Bxe2 Ne4 13. Be3 h6 14. Nf3
Nc6 15. Bb5 Bd7 16. Bxc6 bxc6 17. Ne5 Rb8 18. O-O f6 19. Nxd7 Kxd7 20. Rfb1 Nc3
21. Rxb8 Rxb8 22. g3 Rb2 23. a4 a5 24. Kg2 Ra2 25. Rxa2 Nxa2 26. Bd2 Nb4 27. f4
Ke6 28. g4 g6 29. Kf3 h5 30. h3 f5 31. g5 Kd7 32. Ke2 Kc7 33. Bxb4 axb4 34. Kd2
Kb7 35. Kc2 Ka6 36. Kb3 Ka5 37. h4 Ka6 38. Kxb4 Ka7 39. a5 Ka6 40. Ka4 Ka7 41.
a6 Kxa6 42. Kb4 Ka7 43. Ka5 Kb7 44. Kb4 Ka6 45. Ka4 Ka7 46. Ka5 Kb7 1/2-1/2

[Event "X Weekend B"]
[Site "Porto Sant'Elpidio ITA"]
[Date "2007.12.02"]
[Round "5"]
[White "Cataldi, Cristiano"]
[Black "Giri, Giovanni"]
[Result "1-0"]
[WhiteElo "1709"]
[BlackElo "1631"]
[PlyCount "112"]
[EventDate "2007.11.24"]

1. e4 d6 2. d4 Nf6 3. Nc3 g6 4. Nf3 Bg7 5. Bc4 c6 6. O-O b5 7. Bd3 O-O 8. b4 a5
9. bxa5 Qxa5 10. Bb2 b4 11. Ne2 Qb6 12. c3 c5 13. Qb3 Nc6 14. dxc5 dxc5 15.
cxb4 cxb4 16. Ng3 Be6 17. Qc2 Rfc8 18. Qd2 Rd8 19. Qe2 Ra5 20. Bc4 Bxc4 21.
Qxc4 Rc5 22. Qe2 Ng4 23. Bxg7 Kxg7 24. Rfd1 Nge5 25. Rxd8 Nxf3+ 26. Qxf3 Qxd8
27. Rd1 Qa5 28. Qb3 Rc3 29. Qb2 e5 30. Ne2 Ra3 31. Nc1 Qa4 32. Qd2 Nd4 33. f4
f6 34. fxe5 fxe5 35. Rf1 Rc3 36. Qf2 Qe8 37. Ne2 Rc2 38. Qf6+ Kg8 39. Nxd4 exd4
40. Qxd4 Qe7 41. Rd1 Qf8 42. Qd5+ Kg7 43. Rf1 Qc5+ 44. Qxc5 Rxc5 45. Re1 Rc2
46. Rb1 Rc4 47. e5 Kf7 48. Kf2 Ke6 49. Re1 Rc2+ 50. Re2 Rxe2+ 51. Kxe2 Kxe5 52.
Kd3 Kd5 53. g3 h5 54. h3 g5 55. h4 g4 56. Ke3 Kc4 1-0